Helldivers 2 - ALL Super Earth Mega Cities - Statistics

General Stats
  • This quiz has been taken 12 times
  • The average score is 4 of 7
Answers on the Map
Answers color-coded by a green-red scale on the quiz's map according to % correct below.
 
Answer Stats
Answer % Correct
New York Supreme
100%
Prosperity City (Capital)
71%
Eagleopolis
57%
Equality On Sea
57%
Gun (Formally Remembrance)
57%
Port Mercy
57%
Administrative Center 02
0%
No matching quizzes found
Score Distribution
Percent of People with Each Score
Percentile by Number Answered
Your Score History
You have not taken this quiz